000 00737nam a2200229 i 4500
001 97219
003 ES-MaACL
005 20250804072413.0
007 t|
008 050708s1985 sp ||||1| spa d
020 _a84-206-0087-3
100 1 _aMaragall, Joan,
_d1860-1911
_9152432
245 1 0 _aAntología poética /
_cJoan Maragall; introducción y selección de María Parés.
250 _aEd. bilingüe.
260 _aMadrid :
_bAlianza,
_c1985.
300 _a199 p. ;
_c18 cm.
490 1 _aEl libro de bolsillo. Sección literatura ;
_v1087
700 1 _aParés, María.
_989100
830 0 3 _aEl libro de bolsillo.
_pLiteratura
_v1087
_9180913
852 _aES-MaACL
_jL-8220
_bR.108451
999 _c97219
_d97219